[Event "XIV American Continental-ch 2019"]
[Site "Sao Paulo"]
[Date "2019.07.09"]
[Round "7.19"]
[White "Jodorcovsky Werjivker, Paulo"]
[Black "Roselli Mailhe, Bernardo"]
[Result "0-1"]
[WhiteElo "2228"]
[BlackElo "2471"]
[Annotator "ChessBase"]
[PlyCount "62"]
[EventDate "2019.07.05"]
[EventType "swiss"]
[EventCountry "BRA"]
[SourceTitle "playchess.com"]
[Source "ChessBase"]
[SourceQuality "1"]
[TimeControl "40/5400+30:1800+30"]

1. d4 {[%emt 0:00:00]} Nf6 {[%emt 0:01:25]} 2. c4 {[%emt 0:00:13]} g6 {[%emt 0:00:30]} 3. Nc3 {[%emt 0:00:30]} Bg7 {[%emt 0:00:30]} 4. e4 {[%emt 0:00:00]} d6 {[%emt 0:00:00]} 5. f4 {[%emt 0:00:00]} O-O {[%emt 0:00:00]} 6. Nf3 {[%emt 0:00:05]} Na6 {[%emt 0:00:00]} 7. Bd3 {[%emt 0:00:51]} Bg4 {[%emt 0:00:06]} 8. Be3 {[%emt 0:02:04]} Nd7 {[%emt 0:07:26]} 9. O-O {[%emt 0:04:33]} e5 {[%emt 0:00:50]} 10. dxe5 {[%emt 0:04:49]} dxe5 {[%emt 0:01:18]} 11. f5 {[%emt 0:00:43]} Nb4 {[%emt 0:07:25]} 12. h3 {[%emt 0:05:29]} Bxf3 {[%emt 0:01:03]} 13. Rxf3 {[%emt 0:00:11]} Nc6 {[%emt 0:02:13]} 14. Rf2 {[%emt 0:09:10]} Nd4 {[%emt 0:01:28]} 15. Qf1 {[%emt 0:02:35]} c6 {[%emt 0:02:07]} 16. Rd1 {[%emt 0:03:22]} Qh4 {[%emt 0:05:51]} 17. Rfd2 {[%emt 0:37:27]} Bh6 {[%emt 0:12:00]} 18. Bxh6 {[%emt 0:00:19]} Qxh6 {[%emt 0:00:05]} 19. Qf2 {[%emt 0:00:28]} Qg5 {[%emt 0:10:16]} 20. Ne2 {[%emt 0:05:44]} c5 {[%emt 0:02:30]} 21. Nc3 {[%emt 0:01:54]} Nb6 {[%emt 0:06:56]} 22. Kh1 {[%emt 0:01:53]} Rad8 {[%emt 0:01:48]} 23. b3 {[%emt 0:04:40]} Rd6 {[%emt 0:01:20]} 24. Bb1 {[%emt 0:04:01]} Nd7 {[%emt 0:03:17]} 25. Nd5 {[%emt 0:01:35]} Nf6 {[%emt 0:00:40]} 26. Qe3 {[%emt 0:06:39]} Qxe3 {[%emt 0:01:52]} 27. Nxe3 {[%emt 0:00:05]} Rfd8 {[%emt 0:00:14]} 28. fxg6 {[%emt 0:01:12]} hxg6 {[%emt 0:00:41]} 29. g3 {[%emt 0:01:09]} R8d7 {[%emt 0:03:17]} 30. Kg2 {[%emt 0:00:25]} Nf5 {[%emt 0:01:30]} 31. Nd5 {[%emt 0:01:09]} Nxd5 0-1

[Event "XIV American Continental-ch 2019"]
[Site "Sao Paulo"]
[Date "2019.07.09"]
[Round "7.20"]
[White "Albuquerque Junior, Wellington S."]
[Black "Perdomo, Leandro"]
[Result "0-1"]
[WhiteElo "2204"]
[BlackElo "2468"]
[Annotator "ChessBase"]
[PlyCount "80"]
[EventDate "2019.07.05"]
[EventType "swiss"]
[EventCountry "BRA"]
[SourceTitle "playchess.com"]
[Source "ChessBase"]
[SourceQuality "1"]
[TimeControl "40/5400+30:1800+30"]

1. c4 {[%emt 0:00:39]} g6 {[%emt 0:00:00]} 2. g3 {[%emt 0:00:18]} Bg7 {[%emt 0:00:00]} 3. Bg2 {[%emt 0:00:17]} e5 {[%emt 0:00:00]} 4. Nc3 {[%emt 0:00:26]} Nc6 {[%emt 0:00:02]} 5. d3 {[%emt 0:01:07]} d6 {[%emt 0:00:11]} 6. e4 {[%emt 0:00:36]} Be6 {[%emt 0:00:52]} 7. Nge2 {[%emt 0:00:23]} Qd7 {[%emt 0:00:19]} 8. Nd5 {[%emt 0:00:59]} Nce7 {[%emt 0:00:17]} 9. h4 {[%emt 0:03:47]} c6 {[%emt 0:17:08]} 10. Nxe7 {[%emt 0:01:14]} Nxe7 {[%emt 0:00:03]} 11. Be3 {[%emt 0:05:26]} f5 {[%emt 0:28:23]} 12. Qa4 {[%emt 0:23:50]} O-O {[%emt 0:03:42]} 13. d4 {[%emt 0:06:57]} fxe4 {[%emt 0:12:05]} 14. Bxe4 {[%emt 0:01:43]} b5 {[%emt 0:06:24]} 15. cxb5 cxb5 16. Qd1 {[%emt 0:05:11]} Bd5 {[%emt 0:06:38]} 17. Bxd5+ {[%emt 0:04:05]} Nxd5 {[%emt 0:00:02]} 18. Qb3 {[%emt 0:00:16]} Qf7 {[%emt 0:00:03]} 19. O-O {[%emt 0:02:42]} Nxe3 {[%emt 0:00:32]} 20. Qxe3 {[%emt 0:16:20]} Rae8 {[%emt 0:00:12]} 21. dxe5 {[%emt 0:01:58]} Rxe5 {[%emt 0:05:09]} 22. Qd2 {[%emt 0:01:17]} Rfe8 {[%emt 0:04:57]} 23. Nc3 {[%emt 0:02:42]} b4 {[%emt 0:03:53]} 24. Nd1 {[%emt 0:00:17]} Qb7 {[%emt 0:05:10]} 25. Qxd6 {[%emt 0:08:20]} Rd5 {[%emt 0:00:03]} 26. Qf4 {[%emt 0:00:21]} Rd4 {[%emt 0:00:02]} 27. Qc1 {[%emt 0:01:28]} Qf3 {[%emt 0:01:49]} 28. Qc5 {[%emt 0:02:29]} Rxh4 {[%emt 0:01:31]} 29. gxh4 {[%emt 0:00:32]} Qg4+ {[%emt 0:00:02]} 30. Kh1 {[%emt 0:00:45]} Qxh4+ {[%emt 0:00:02]} 31. Kg2 {[%emt 0:02:07]} Qg4+ {[%emt 0:00:05]} 32. Kh1 {[%emt 0:00:24]} Re5 {[%emt 0:00:12]} 33. Qxe5 {[%emt 0:02:54]} Bxe5 {[%emt 0:00:02]} 34. Re1 {[%emt 0:00:24]} Qh3+ {[%emt 0:01:06]} 35. Kg1 {[%emt 0:00:08]} Bh2+ {[%emt 0:00:07]} 36. Kh1 {[%emt 0:00:11]} Bf4+ {[%emt 0:00:03]} 37. Kg1 {[%emt 0:00:12]} h5 {[%emt 0:00:34]} 38. a3 {[%emt 0:01:53]} b3 {[%emt 0:00:05]} 39. Re3 {[%emt 0:00:58]} Qh2+ {[%emt 0:00:27]} 40. Kf1 {[%emt 0:00:09]} Bxe3 {[%emt 0:00:08]} 0-1

[Event "XIV American Continental-ch 2019"]
[Site "Sao Paulo"]
[Date "2019.07.09"]
[Round "7.21"]
[White "Escalante Ramirez, Brian Sebasti"]
[Black "Pereira, Silvio Cunha"]
[Result "1-0"]
[WhiteElo "2447"]
[BlackElo "2220"]
[Annotator "NA"]
[PlyCount "35"]
[EventDate "2019.07.05"]
[EventType "swiss"]
[EventCountry "BRA"]
[SourceTitle "playchess.com"]
[Source "ChessBase"]
[SourceQuality "1"]
[TimeControl "40/5400+30:1800+30"]

1. e4 {[%emt 0:00:00]} e5 {[%emt 0:01:45]} 2. Nf3 {[%emt 0:00:00]} Nc6 {[%emt 0:00:10]} 3. d4 {[%emt 0:00:00]} exd4 {[%emt 0:00:04]} 4. Nxd4 {[%emt 0:00:00]} Bc5 {[%emt 0:00:18]} 5. Nb3 {[%emt 0:00:00]} Bb6 {[%emt 0:00:09]} 6. Nc3 {[%emt 0:00:00]} d6 {[%emt 0:01:14]} 7. Qe2 {[%emt 0:00:30]} Qh4 {[%emt 0:04:35]} 8. g3 {[%emt 0:01:55]} Qg4 {[%emt 0:00:15]} 9. f3 {[%emt 0:00:37]} Qh5 {[%emt 0:00:24]} 10. Be3 {[%emt 0:01:52]} Ne5 {[%emt 0:00:59]} 11. Bg2 {[%emt 0:05:44]} Be6 {[%emt 0:01:13]} 12. O-O-O {[%emt 0:02:46]} Bc4 {[%emt 0:01:47]} 13. Qf2 {[%emt 0:00:41]} Nf6 {[%emt 0:01:10]} 14. Nd4 {[%emt 0:04:41]} Be6 {[%emt 0:03:18]} 15. g4 {[%emt 0:13:39]} Qg6 {[%emt 0:07:20]} 16. Bf1 {[%emt 0:00:08]} Nxf3 {[%emt 0:03:02]} 17. Nxe6 {[%emt 0:02:40]} Nxg4 {[%emt 0:01:05]} 18. Nxc7+ {[%emt 0:00:08]} 1-0

[Event "XIV American Continental-ch 2019"]
[Site "Sao Paulo"]
[Date "2019.07.10"]
[Round "7.22"]
[White "Garcia Cardenas, Pablo"]
[Black "Guimaraes, Wagner Peixoto"]
[Result "1-0"]
[WhiteElo "2443"]
[BlackElo "2206"]
[Annotator "NA RC"]
[PlyCount "75"]
[EventDate "2019.07.05"]
[EventType "swiss"]
[EventCountry "BRA"]
[SourceTitle "playchess.com"]
[Source "ChessBase"]
[SourceQuality "1"]
[TimeControl "40/5400+30:1800+30"]

1. d4 {[%emt 0:01:41]} Nf6 {[%emt 0:00:21]} 2. c4 {[%emt 0:00:05]} g6 {[%emt 0:00:43]} 3. Nc3 {[%emt 0:00:05]} Bg7 {[%emt 0:00:37]} 4. e4 {[%emt 0:00:07]} d6 {[%emt 0:00:10]} 5. h3 {[%emt 0:00:04]} O-O {[%emt 0:00:30]} 6. Be3 {[%emt 0:00:09]} Na6 {[%emt 0:02:25]} 7. g4 {[%emt 0:03:09]} c5 {[%emt 0:03:03]} 8. Nge2 {[%emt 0:09:37]} cxd4 {[%emt 0:03:26]} 9. Nxd4 {[%emt 0:02:56]} Nc5 {[%emt 0:06:26]} 10. Bg2 {[%emt 0:05:18]} a5 {[%emt 0:12:25]} 11. b3 {[%emt 0:08:07]} Bd7 {[%emt 0:06:09]} 12. O-O {[%emt 0:03:25]} Rc8 {[%emt 0:02:39]} 13. Rc1 {[%emt 0:05:15]} h5 {[%emt 0:05:33]} 14. g5 {[%emt 0:02:21]} Nh7 {[%emt 0:00:09]} 15. h4 {[%emt 0:09:43]} a4 {[%emt 0:06:38]} 16. b4 {[%emt 0:08:42]} Na6 {[%emt 0:00:37]} 17. b5 {[%emt 0:00:08]} Nc5 {[%emt 0:01:05]} 18. Nxa4 {[%emt 0:00:15]} Nxa4 {[%emt 0:02:41]} 19. Qxa4 {[%emt 0:00:17]} Ra8 {[%emt 0:01:56]} 20. Qb3 {[%emt 0:02:31]} Qa5 {[%emt 0:04:21]} 21. Rc2 {[%emt 0:01:02]} Rfc8 {[%emt 0:03:35]} 22. Qd3 {[%emt 0:02:05]} Nf8 {[%emt 0:02:12]} 23. f4 {[%emt 0:02:18]} Qb4 {[%emt 0:00:43]} 24. Nb3 {[%emt 0:06:16]} Ra3 {[%emt 0:10:14]} 25. f5 {[%emt 0:09:10]} Be5 {[%emt 0:01:41]} 26. Bd4 {[%emt 0:03:04]} Bxd4+ {[%emt 0:02:36]} 27. Qxd4 {[%emt 0:00:05]} Rca8 {[%emt 0:03:39]} 28. Qf2 {[%emt 0:02:09]} Be8 {[%emt 0:03:36]} 29. e5 {[%emt 0:01:12]} dxe5 {[%emt 0:01:56]} 30. Bxb7 {[%emt 0:00:36]} Rd8 {[%emt 0:01:48]} 31. Bc6 {[%emt 0:02:31]} Rxb3 {[%emt 0:08:35]} 32. axb3 {[%emt 0:03:50]} Bxc6 {[%emt 0:01:22]} 33. fxg6 {[%emt 0:02:12]} Bd5 34. cxd5 {[%emt 0:00:13]} Qg4+ {[%emt 0:02:26]} 35. Kh2 {[%emt 0:00:14]} Nxg6 {[%emt 0:00:14]} 36. Qxf7+ {[%emt 0:00:08]} Kh8 {[%emt 0:00:05]} 37. Qxg6 {[%emt 0:00:39]} Qxh4+ {[%emt 0:00:12]} 38. Kg1 1-0

[Event "XIV American Continental-ch 2019"]
[Site "Sao Paulo"]
[Date "2019.07.10"]
[Round "7.23"]
[White "Sanchez Alvarez, Roberto Carlos"]
[Black "Alboredo, Julia"]
[Result "1/2-1/2"]
[WhiteElo "2434"]
[BlackElo "2175"]
[Annotator "NA"]
[PlyCount "77"]
[EventDate "2019.07.05"]
[EventType "swiss"]
[EventCountry "BRA"]
[SourceTitle "playchess.com"]
[Source "ChessBase"]
[SourceQuality "1"]
[TimeControl "40/5400+30:1800+30"]

1. d4 {[%emt 0:00:00]} Nf6 {[%emt 0:00:00]} 2. c4 {[%emt 0:00:12]} g6 {[%emt 0:00:07]} 3. Nc3 {[%emt 0:00:41]} Bg7 {[%emt 0:00:24]} 4. e4 {[%emt 0:00:11]} d6 {[%emt 0:00:10]} 5. f3 {[%emt 0:01:24]} O-O {[%emt 0:00:23]} 6. Nge2 {[%emt 0:00:05]} c5 {[%emt 0:01:46]} 7. d5 {[%emt 0:00:20]} e6 {[%emt 0:04:45]} 8. Ng3 {[%emt 0:00:12]} exd5 {[%emt 0:01:05]} 9. cxd5 {[%emt 0:00:29]} a6 {[%emt 0:02:01]} 10. a4 {[%emt 0:00:12]} h5 {[%emt 0:03:35]} 11. Be2 {[%emt 0:02:41]} Nbd7 {[%emt 0:13:31]} 12. Bg5 {[%emt 0:01:45]} Qc7 {[%emt 0:06:01]} 13. Qd2 {[%emt 0:02:49]} Rb8 {[%emt 0:06:27]} 14. O-O {[%emt 0:28:51]} c4 {[%emt 0:09:44]} 15. Rac1 {[%emt 0:01:33]} b5 {[%emt 0:03:03]} 16. axb5 {[%emt 0:00:08]} axb5 {[%emt 0:00:07]} 17. b4 {[%emt 0:00:06]} Re8 {[%emt 0:06:16]} 18. Ra1 {[%emt 0:14:26]} Nh7 {[%emt 0:11:40]} 19. Be3 {[%emt 0:00:42]} h4 {[%emt 0:00:32]} 20. Nh1 {[%emt 0:00:07]} Ne5 {[%emt 0:02:38]} 21. Ra7 {[%emt 0:05:04]} Qd8 {[%emt 0:00:39]} 22. f4 {[%emt 0:06:06]} Ng4 {[%emt 0:03:47]} 23. Bxg4 {[%emt 0:00:15]} Bxg4 {[%emt 0:00:07]} 24. Nf2 {[%emt 0:00:05]} Bd7 {[%emt 0:03:04]} 25. Bd4 {[%emt 0:00:22]} Bxd4 {[%emt 0:06:40]} 26. Qxd4 {[%emt 0:00:42]} Ra8 {[%emt 0:01:29]} 27. Rfa1 {[%emt 0:02:13]} Rxa7 {[%emt 0:00:07]} 28. Rxa7 {[%emt 0:00:05]} g5 {[%emt 0:01:52]} 29. Ra6 {[%emt 0:19:30]} Bc8 {[%emt 0:02:20]} 30. Rb6 {[%emt 0:03:06]} gxf4 {[%emt 0:00:08]} 31. Nxb5 {[%emt 0:01:34]} Qg5 {[%emt 0:00:11]} 32. Kf1 {[%emt 0:00:22]} h3 {[%emt 0:03:22]} 33. Nxh3 {[%emt 0:00:56]} Bxh3 {[%emt 0:00:08]} 34. gxh3 {[%emt 0:00:03]} f3 {[%emt 0:01:52]} 35. Qg1 {[%emt 0:00:17]} Rxe4 {[%emt 0:01:02]} 36. Rb8+ {[%emt 0:01:07]} Kg7 {[%emt 0:00:13]} 37. Qxg5+ {[%emt 0:00:19]} Nxg5 {[%emt 0:00:02]} 38. Nxd6 {[%emt 0:01:03]} Re2 {[%emt 0:01:06]} 39. Nf5+ {[%emt 0:08:17]} 1/2-1/2

[Event "XIV American Continental-ch 2019"]
[Site "Sao Paulo"]
[Date "2019.07.09"]
[Round "7.24"]
[White "Tomiello, Lucas Costamilan"]
[Black "Bittencourt, Jorge"]
[Result "1/2-1/2"]
[WhiteElo "2133"]
[BlackElo "2433"]
[Annotator "NA"]
[PlyCount "58"]
[EventDate "2019.07.05"]
[EventType "swiss"]
[EventCountry "BRA"]
[SourceTitle "playchess.com"]
[Source "ChessBase"]
[SourceQuality "1"]
[TimeControl "40/5400+30:1800+30"]

1. e4 e5 {[%emt 0:00:22]} 2. Nf3 {[%emt 0:00:00]} Nc6 {[%emt 0:00:07]} 3. Bb5 {[%emt 0:00:00]} a6 {[%emt 0:00:05]} 4. Ba4 {[%emt 0:00:06]} Nf6 {[%emt 0:00:06]} 5. O-O {[%emt 0:00:20]} Be7 {[%emt 0:00:06]} 6. Re1 {[%emt 0:00:21]} b5 {[%emt 0:00:06]} 7. Bb3 {[%emt 0:00:02]} d6 {[%emt 0:00:08]} 8. c3 {[%emt 0:00:21]} O-O {[%emt 0:00:08]} 9. d4 {[%emt 0:00:40]} Bg4 {[%emt 0:00:44]} 10. d5 {[%emt 0:00:18]} Na5 {[%emt 0:01:26]} 11. Bc2 {[%emt 0:00:18]} Qc8 {[%emt 0:01:23]} 12. h3 {[%emt 0:02:17]} Bd7 {[%emt 0:01:45]} 13. Nbd2 {[%emt 0:01:21]} c6 {[%emt 0:00:17]} 14. dxc6 {[%emt 0:01:43]} Qxc6 {[%emt 0:00:28]} 15. Nf1 {[%emt 0:00:54]} Nc4 {[%emt 0:03:43]} 16. Ng3 {[%emt 0:01:10]} Rfc8 {[%emt 0:14:01]} 17. a4 {[%emt 0:03:37]} Nb6 {[%emt 0:15:59]} 18. a5 {[%emt 0:03:53]} Na4 {[%emt 0:00:07]} 19. Nf5 {[%emt 0:08:49]} Bf8 {[%emt 0:10:21]} 20. Ne3 {[%emt 0:06:14]} g6 {[%emt 0:09:50]} 21. Bb3 {[%emt 0:09:10]} Be6 {[%emt 0:06:31]} 22. Nd5 {[%emt 0:11:33]} Bxd5 {[%emt 0:01:13]} 23. exd5 {[%emt 0:01:33]} Qb7 {[%emt 0:00:18]} 24. Bxa4 {[%emt 0:16:52]} bxa4 {[%emt 0:00:06]} 25. Qxa4 {[%emt 0:00:22]} Qxd5 {[%emt 0:02:12]} 26. Be3 {[%emt 0:03:57]} Qc4 {[%emt 0:04:10]} 27. Nd2 {[%emt 0:05:08]} Qe6 {[%emt 0:07:29]} 28. Rac1 {[%emt 0:06:29]} Rab8 {[%emt 0:00:58]} 29. b4 {[%emt 0:01:22]} Nd7 {[%emt 0:05:42]} 1/2-1/2

[Event "XIV American Continental-ch 2019"]
[Site "Sao Paulo"]
[Date "2019.07.10"]
[Round "8.1"]
[White "Iturrizaga Bonelli, Eduardo"]
[Black "Pichot, Alan"]
[Result "1/2-1/2"]
[WhiteElo "2625"]
[BlackElo "2579"]
[Annotator "TA"]
[PlyCount "48"]
[EventDate "2019.07.05"]
[EventType "swiss"]
[EventCountry "BRA"]
[SourceTitle "playchess.com"]
[Source "ChessBase"]
[SourceQuality "1"]

{[%evp 23,24,0,18]} 1. d4 Nf6 2. c4 e6 3. g3 d5 4. Bg2 Bb4+ 5. Bd2 Be7 6. Nf3 O-O 7. O-O Nbd7 8. Qc2 c6 9. Bf4 Nh5 10. Bc1 Nhf6 11. Bf4 Nh5 12. Bc1 Nhf6 {Predecessor:} 13. Nbd2 $146 b6 14. e4 Bb7 15. e5 Ne8 16. cxd5 cxd5 17. Re1 Qc7 18. Qd1 a5 19. Nf1 Rc8 20. Ne3 Ba6 21. h4 h6 22. Bd2 Qd8 23. Bh3 Nb8 24. a3 Qd7 {½-½ (69) Cheparinov,I (2683)-Piorun,K (2631) Skopje 2019} 1/2-1/2

[Event "XIV American Continental-ch 2019"]
[Site "Sao Paulo"]
[Date "2019.07.11"]
[Round "8.2"]
[White "Delgado Ramirez, Neuris"]
[Black "Krysa, Leandro"]
[Result "1-0"]
[WhiteElo "2605"]
[BlackElo "2517"]
[Annotator "TA"]
[PlyCount "145"]
[EventDate "2019.07.05"]
[EventType "swiss"]
[EventCountry "BRA"]
[SourceTitle "playchess.com"]
[Source "ChessBase"]
[SourceQuality "1"]

{[%evp 25,145,25,34,42,52,9,10,10,11,-19,34,14,15,12,7,0,10,14,14,12,31,18,47,52,97,87,98,91,98,98,120,115,93,96,104,108,156,131,131,124,124,116,116,122,120,107,107,108,122,115,115,114,114,115,131,129,131,131,131,131,131,131,131,131,131,131,131,131,131,127,119,119,212,212,205,204,205,210,211,204,203,191,265,265,265,265,264,257,198,206,201,196,210,188,181,181,293,278,617,617,632,632,617,442,442,420,6535,5916,6568,6568,6568,6550,6535,6535,5525,4984,1609,435,435,435,403,395]} 1. e4 e5 2. Nf3 Nc6 3. Bb5 a6 4. Ba4 Nf6 5. O-O b5 6. Bb3 Bb7 7. d3 Be7 8. a4 O-O 9. Nc3 Na5 10. Ba2 b4 11. Nd5 Nxd5 12. Bxd5 c6 13. Ba2 d6 14. c3 {C84: Closed Ruy Lopez: Unusual White 6th moves} c5 15. Bd2 bxc3 $146 ({Predecessor:} 15... d5 16. Re1 dxe4 17. dxe4 Qd6 18. Qc2 Rfd8 19. Rad1 Qb6 20. cxb4 cxb4 21. Be3 b3 22. Bxb6 bxc2 {1-0 (58) Praznik,A (2280)-Petek,P (2095) Slovenia 1994}) 16. Bxc3 {The position is equal.} Nc6 17. Bd5 Bg5 ({Black should try} 17... Qd7 $11) 18. Qb3 Rb8 19. Nxg5 Qxg5 20. Qc4 Qe7 21. Bxc6 Bxc6 22. f4 $36 {[%mdl 2048] White is pushing.} exf4 23. Rxf4 Qe6 24. Qxa6 d5 25. exd5 Qxd5 {[%csl Gc6][%cal Rd5g2]} 26. Rg4 $1 {[%cal Rg4g7]} g6 27. Qc4 f5 28. Qxd5+ Bxd5 29. Rf4 Rfe8 30. a5 Re3 31. a6 Rxd3 32. a7 Ra8 33. Rfa4 Be4 34. Ra5 Rd7 35. b4 cxb4 36. Bxb4 Rb7 37. Bc5 Rb2 38. Bf2 Kf7 39. Rc5 Rb7 40. Rc3 Ke6 41. h4 Rd8 42. Rca3 Ra8 43. Ra6+ Kf7 44. Bd4 Rd7 45. Be3 Rb7 46. Rc1 Kg8 47. Rd1 Kf7 48. Kh2 Rb2 (48... Ke8 $16) 49. Rd7+ $18 Kg8 50. Rb6 $1 {[%cal Rb6b2]} Rxb6 51. Bxb6 {[%mdl 4096] Endgame KRB-KRB} Rf8 52. Bc5 Rc8 53. Be3 Rc4 {[#]} (53... h5 $142 54. Bh6 Rc2) 54. h5 $1 {[%mdl 512]} gxh5 55. Rd8+ Kf7 56. a8=Q Bxa8 57. Rxa8 {KRB-KR} f4 58. Bb6 Kg6 59. Ra5 Rc2 {intending ...f3.} 60. Kg1 h4 (60... Rc1+ $142 61. Kf2 h4) 61. Bd8 h3 $2 (61... Rc1+ 62. Kh2 h6 63. Bxh4 Rf1) 62. gxh3 Rc1+ 63. Kg2 Rc2+ 64. Kf3 Rc3+ 65. Kg4 $1 h5+ {[#]} (65... Rg3+ $142 66. Kh4 h6 67. Ra6+ Kf5 68. Ra5+ Kg6) 66. Kh4 $1 (66. Rxh5 Rg3+ 67. Kxf4 Rd3 $14) 66... f3 67. Rg5+ Kf7 68. Rf5+ Ke6 69. Rf4 Ke5 70. Bg5 Rb3 71. Kg3 (71. Rf8 $142 f2 72. Rxf2) 71... f2+ {[#]} 72. Kh2 $1 ({Weaker is} 72. Kg2 h4 $14) 72... Rb2 73. Kg2 {Accuracy: White = 84%, Black = 43%.} 1-0

[Event "XIV American Continental-ch 2019"]
[Site "Sao Paulo"]
[Date "2019.07.10"]
[Round "8.3"]
[White "Mekhitarian, Krikor Sevag"]
[Black "Gareyev, Timur"]
[Result "1/2-1/2"]
[WhiteElo "2545"]
[BlackElo "2588"]
[Annotator "ChessBase"]
[PlyCount "72"]
[EventDate "2019.07.05"]
[EventType "swiss"]
[EventCountry "BRA"]
[SourceTitle "playchess.com"]
[Source "ChessBase"]
[SourceQuality "1"]
[TimeControl "40/5400+30:1800+30"]

1. d4 {[%emt 0:00:00]} Nf6 {[%emt 0:04:00]} 2. c4 {[%emt 0:00:00]} e5 {[%emt 0:00:09]} 3. dxe5 {[%emt 0:00:00]} Ng4 {[%emt 0:00:09]} 4. e3 {[%emt 0:04:52]} Nxe5 {[%emt 0:05:33]} 5. Nh3 {[%emt 0:00:05]} d6 {[%emt 0:03:51]} 6. Nf4 {[%emt 0:00:33]} g6 {[%emt 0:00:46]} 7. Nc3 {[%emt 0:01:25]} Bg7 {[%emt 0:00:02]} 8. Be2 {[%emt 0:00:47]} O-O {[%emt 0:00:37]} 9. O-O {[%emt 0:01:40]} a5 {[%emt 0:01:28]} 10. e4 {[%emt 0:23:28]} Na6 {[%emt 0:25:20]} 11. Be3 {[%emt 0:00:35]} Nc5 {[%emt 0:00:49]} 12. Qd2 {[%emt 0:13:29]} Re8 {[%emt 0:28:16]} 13. Rad1 {[%emt 0:01:55]} b6 {[%emt 0:01:05]} 14. Nfd5 {[%emt 0:12:52]} c6 {[%emt 0:01:40]} 15. Nf4 {[%emt 0:01:35]} Ra7 {[%emt 0:03:20]} 16. f3 {[%emt 0:16:26]} Bf8 {[%emt 0:02:02]} 17. Rfe1 {[%emt 0:01:38]} f5 {[%emt 0:00:28]} 18. exf5 {[%emt 0:07:37]} Bxf5 {[%emt 0:00:04]} 19. Bf1 {[%emt 0:01:19]} Rf7 {[%emt 0:00:16]} 20. Kh1 {[%emt 0:03:24]} Qh4 {[%emt 0:01:10]} 21. Qf2 {[%emt 0:02:27]} Qxf2 {[%emt 0:04:47]} 22. Bxf2 {[%emt 0:00:01]} Bd7 {[%emt 0:00:27]} 23. Nd3 {[%emt 0:02:08]} Nexd3 {[%emt 0:04:00]} 24. Bxd3 {[%emt 0:00:07]} Rxe1+ {[%emt 0:00:11]} 25. Bxe1 {[%emt 0:00:04]} Nxd3 {[%emt 0:01:14]} 26. Rxd3 {[%emt 0:00:01]} Bf5 {[%emt 0:05:48]} 27. Rd2 {[%emt 0:01:08]} g5 {[%emt 0:02:11]} 28. Bg3 {[%emt 0:01:11]} Rf6 {[%emt 0:01:35]} 29. Kg1 {[%emt 0:02:29]} Re6 {[%emt 0:01:50]} 30. b3 {[%emt 0:00:25]} g4 {[%emt 0:00:19]} 31. Ne4 {[%emt 0:00:51]} gxf3 {[%emt 0:00:37]} 32. gxf3 {[%emt 0:00:05]} Bxe4 {[%emt 0:01:03]} 33. fxe4 {[%emt 0:00:02]} Kf7 {[%emt 0:00:19]} 34. Kf2 {[%emt 0:01:02]} Rf6+ {[%emt 0:00:09]} 35. Ke2 {[%emt 0:00:08]} Ke6 {[%emt 0:00:38]} 36. Rd3 {[%emt 0:00:22]} Be7 {[%emt 0:00:45]} 1/2-1/2

[Event "XIV American Continental-ch 2019"]
[Site "Sao Paulo"]
[Date "2019.07.10"]
[Round "8.4"]
[White "Garcia Pantoja, Roberto"]
[Black "Supi, Luis Paulo"]
[Result "1/2-1/2"]
[WhiteElo "2529"]
[BlackElo "2562"]
[Annotator "TA"]
[PlyCount "79"]
[EventDate "2019.07.05"]
[EventType "swiss"]
[EventCountry "BRA"]
[SourceTitle "playchess.com"]
[Source "ChessBase"]
[SourceQuality "1"]

{[%evp 29,79,42,35,38,42,46,22,37,57,45,80,70,81,60,73,64,68,48,43,15,32,0,19,22,13,26,90,47,59,0,56,64,65,65,65,81,61,64,54,68,62,66,59,66,67,61,90,58,62,70,76,85]} 1. e4 e5 2. Nf3 Nc6 3. Bb5 a6 4. Ba4 Nf6 5. O-O Be7 6. Re1 b5 7. Bb3 d6 8. c3 O-O 9. h3 h6 10. d4 Re8 11. Nbd2 Bf8 12. Nf1 Bd7 13. Ng3 Na5 14. Bc2 Nc4 15. b3 Nb6 16. a4 {C93: Closed Ruy Lopez: Smyslov Variation} (16. Be3 c5 17. Qd2 a5 18. d5 a4 19. Nh2 Qc7 20. Bd3 axb3 21. axb3 Qb7 22. Nhf1 Rxa1 23. Rxa1 Ra8 {½-½ (32) Perez Candelario,M (2569)-Arizmendi Martinez,J (2577) Linares 2013}) 16... bxa4 17. bxa4 a5 18. Bd3 {The position is equal.} c6 $146 ({Predecessor:} 18... c5 19. d5 c4 20. Bf1 Bc8 21. Be3 Nfd7 22. Nf5 Qc7 23. Nh2 Nf6 {1-0 (63) Nefedov,S (2428)-Kunzelmann,F (2455) ICCF email 2011}) 19. Be3 g6 20. Qd2 Kh7 21. Reb1 {Black must now prevent dxe5.} c5 22. dxe5 dxe5 23. Bb5 Qc7 24. Bxd7 Nfxd7 25. Rb5 Qc6 26. Qa2 Kg8 27. Nd2 h5 (27... c4 $11 {keeps the balance.}) 28. Ngf1 {[%cal Bg3f1,Bf1e3,Be3d5,Bd5f6][%mdl 32]} Ra6 29. Bg5 (29. Rab1 $14) 29... Nc8 (29... c4 $11) 30. Ne3 $14 Nd6 {[%mdl 64] [#] Double Attack} 31. Nd5 c4 32. Rab1 Raa8 33. Rb6 Nxb6 34. Rxb6 Qc8 $1 35. Nf6+ {[%mdl 64] [#] Double Attack} Kg7 $1 {With the idea ...Re6.} 36. Nxe8+ Qxe8 37. Be3 Qc8 38. Qb1 Qc7 39. Nf3 f6 40. Nd2 {Accuracy: White = 80%, Black = 48%.} 1/2-1/2

[Event "XIV American Continental-ch 2019"]
[Site "Sao Paulo"]
[Date "2019.07.10"]
[Round "8.5"]
[White "Perez Ponsa, Federico"]
[Black "Santiago, Yago De Moura"]
[Result "1/2-1/2"]
[WhiteElo "2560"]
[BlackElo "2473"]
[Annotator "TA"]
[PlyCount "37"]
[EventDate "2019.07.05"]
[EventType "swiss"]
[EventCountry "BRA"]
[SourceTitle "playchess.com"]
[Source "ChessBase"]
[SourceQuality "1"]

{[%evp 14,37,6,0,24,25,38,0,0,0,0,0,0,0,0,-38,-22,-20,-21,-27,-17,-31,-25,-21,-30,-38]} 1. e4 e6 2. d4 d5 3. Nc3 Nf6 4. Bg5 Bb4 5. e5 h6 6. Bd2 Bxc3 7. bxc3 Ne4 8. Bc1 c5 {C12: French: Classical System: McCutcheon Variation} 9. Ne2 f6 $146 ({Predecessor:} 9... Nc6 10. f3 Ng5 11. Be3 c4 12. h4 Nh7 13. h5 Qa5 14. f4 Bd7 15. g4 O-O-O 16. Qc1 {½-½ (53) Warakomski,T (2511)-Sieciechowicz,M (2409) Poland 2017}) 10. Ng3 {[#] Hoping for Nxe4.} O-O {The position is equal.} 11. Nxe4 dxe4 12. exf6 Qxf6 {[%csl Gf8][%cal Rf6f2]} 13. Be3 Nc6 14. Qd2 cxd4 15. cxd4 e5 {[%cal Re5d4]} 16. Bc4+ Kh8 {[%cal Re5d4]} 17. d5 Nd4 18. c3 Nf5 ({Reject} 18... b5 $6 19. Bf1 $16 (19. cxd4 bxc4 20. O-O Bb7 $11)) 19. g3 {Accuracy: White = 57%, Black = 50%.} 1/2-1/2